Language Quiz

Random Language or French Quiz

French: Family Quiz Stats

 Plays Quiz Updated Nov 22, 2018

Support Sporcle.
Go Orange.
Score 0/18 Timer 05:00
0 Plays Today
English French % Correct
Fatherle père
96.3%
Motherla mère
93.3%
Brotherle frère
90.8%
Grandfatherle grand-père
86.5%
Grandmotherla grand-mère
86.2%
Unclel'oncle
79.4%
Sisterla sœur
79%
Auntla tante
75.4%
Daughterla fille
74.8%
English French % Correct
Parentsles parents
69.4%
Sonle fils
66.7%
Husbandle mari
55.7%
Wifela femme
49.9%
Niecela nièce
45.8%
Grandparentsles grands-parents
38.3%
Granddaughterla petite-fille
35.4%
Grandsonle petit-fils
34.1%
Nephewle neveu
31.9%

From the Vault

Barnes & Noble Classics Covers

by rlove832

These covers aren't quite the ones we remembered, but they'll do.
Remove Ads.
Support Sporcle.
Get the best of Sporcle when you Go Orange. This ad-free experience offers more features, more stats, and more fun while also helping to support Sporcle. Thank you for becoming a member.

Show Comments

Extras

Top Quizzes Today


Score Distribution

Your Account Isn't Verified!

In order to create a playlist on Sporcle, you need to verify the email address you used during registration. Go to your Sporcle Settings to finish the process.

Report this User

Report this user for behavior that violates our Community Guidelines.

Details: